| Tag |
First Indicator |
Second Indicator |
Subfields |
| LEADER |
00000cam a2200000 a 4500 |
| 001 |
in00000078242 |
| 005 |
20151008060706.0 |
| 008 |
820717r19801886miuabc 00010 eng d |
| 035 |
|
|
|a (OCoLC)08608438
|
| 035 |
|
|
|9 AAJ6351AM
|
| 040 |
|
|
|a TXA
|c TXA
|d UtOrBLW
|
| 043 |
|
|
|a n-us---
|
| 049 |
|
|
|a TXAM
|v 1 [1481774]
|v 2 [1481775]
|
| 090 |
|
|
|a E591
|b .P84 1886a
|
| 100 |
1 |
|
|a Porter, David D.
|q (David Dixon),
|d 1813-1891.
|
| 245 |
1 |
4 |
|a The naval history of the Civil War /
|c by David D. Porter ; illustrated from the original sketches made by Rear-Admiral Walke and others.
|
| 264 |
|
1 |
|a New York :
|b Sherman ;
|a Hartford, Conn. :
|b C.P. Hatch,
|c 1886.
|
| 300 |
|
|
|a 843 pages :
|b illustrations (some folded), maps, portraits ;
|c 28 cm.
|
| 336 |
|
|
|a text
|b txt
|2 rdacontent
|
| 337 |
|
|
|a unmediated
|b n
|2 rdamedia
|
| 338 |
|
|
|a volume
|b nc
|2 rdacarrier
|
| 500 |
|
|
|a Photocopy of typescript: Ann Arbor, Mich. : University Microfilms International, 1980. 2 v. ; 22 cm.
|
| 610 |
1 |
0 |
|a United States.
|b Navy
|x History
|y Civil War, 1861-1865.
|
| 651 |
|
0 |
|a United States
|x History
|y Civil War, 1861-1865
|x Naval operations.
|
| 999 |
|
|
|a MARS
|
| 999 |
f |
f |
|s 3f4705ce-8efd-3000-9151-c4d8d94787f5
|i 546ee894-8314-3774-8666-331d0aa526c9
|t 0
|
| 952 |
f |
f |
|p normal
|a Texas A&M University
|b College Station
|c Sterling C. Evans Library
|d Evans: Library Stacks
|t 0
|e E591 .P84 1886a
|h Library of Congress classification
|i unmediated -- volume
|k pt.2
|m A14806107417
|
| 952 |
f |
f |
|p normal
|a Texas A&M University
|b College Station
|c Sterling C. Evans Library
|d Evans: Library Stacks
|t 0
|e E591 .P84 1886a
|h Library of Congress classification
|i unmediated -- volume
|k pt.1
|m A14806107409
|
| 998 |
f |
f |
|a E591 .P84 1886a
|s pt.1-pt.2
|t 0
|l Evans: Library Stacks
|